[Event "Open A"]
[Site "Dortmund, Germany"]
[Date "2024.08.10"]
[Round "1.1"]
[White "Korobov, Anton"]
[Black "Malinowsky, Levi"]
[Result "1-0"]
[WhiteElo "2648"]
[BlackElo "2006"]
[PlyCount "75"]
[EventDate "2024.??.??"]

1. d4 Nf6 {[%emt 0:00:07]} 2. c4 {[%emt 0:00:04]} g6 {[%emt 0:00:12]} 3. Nc3 {[%emt 0:00:06]} d5 {[%emt 0:00:12]} 4. cxd5 {[%emt 0:00:06]} Nxd5 {[%emt 0:00:10]} 5. e4 {[%emt 0:00:05]} Nxc3 {[%emt 0:00:07]} 6. bxc3 {[%emt 0:00:04]} Bg7 {[%emt 0:00:18]} 7. Bc4 {[%emt 0:00:07]} c5 {[%emt 0:00:28]} 8. Ne2 {[%emt 0:00:07]} Nc6 {[%emt 0:00:34]} 9. Be3 {[%emt 0:00:08]} O-O {[%emt 0:01:45]} 10. O-O {[%emt 0:00:05]} Bg4 {[%emt 0:00:51]} 11. f3 {[%emt 0:03:09]} Bd7 {[%emt 0:00:19]} 12. Rc1 {[%emt 0:01:12]} b6 {[%emt 0:05:15]} 13. h4 {[%emt 0:02:20]} Na5 {[%emt 0:04:17]} 14. Bd3 {[%emt 0:03:21]} Rc8 {[%emt 0:07:50]} 15. h5 {[%emt 0:00:53]} e5 {[%emt 0:13:38]} 16. Ba6 {[%emt 0:06:37]} Rc7 {[%emt 0:03:31]} 17. h6 {[%emt 0:05:20]} Bh8 {[%emt 0:01:11]} 18. dxc5 {[%emt 0:01:07]} bxc5 {[%emt 0:01:35]} 19. c4 {[%emt 0:01:00]} Qf6 {[%emt 0:21:42]} 20. Bb5 {[%emt 0:00:32]} Rd8 {[%emt 0:01:36]} 21. Qe1 {[%emt 0:02:59]} Nc6 {[%emt 0:03:26]} 22. Nc3 {[%emt 0:00:36]} Be6 {[%emt 0:02:13]} 23. Bxc6 {[%emt 0:00:30]} Rxc6 {[%emt 0:00:17]} 24. Nd5 {[%emt 0:00:06]} Bxd5 {[%emt 0:00:26]} 25. cxd5 {[%emt 0:00:06]} Rcc8 {[%emt 0:04:09]} 26. Rxc5 {[%emt 0:01:00]} Rxc5 {[%emt 0:01:31]} 27. Bxc5 {[%emt 0:00:03]} Qa6 {[%emt 0:01:03]} 28. Qf2 {[%emt 0:00:44]} Bf6 {[%emt 0:01:01]} 29. Bxa7 {[%emt 0:03:33]} Bg5 {[%emt 0:04:02]} 30. Be3 {[%emt 0:00:47]} Be7 {[%emt 0:02:20]} 31. f4 {[%emt 0:04:49]} exf4 {[%emt 0:03:08]} 32. Qxf4 {[%emt 0:00:16]} f6 {[%emt 0:00:50]} 33. Qc7 {[%emt 0:03:02]} Qe2 {[%emt 0:01:35]} 34. Bf2 {[%emt 0:00:54]} Kf7 {[%emt 0:03:05]} 35. e5 {[%emt 0:01:17]} Rxd5 {[%emt 0:01:35]} 36. exf6 {[%emt 0:00:12]} Kxf6 {[%emt 0:02:24]} 37. Bh4+ {[%emt 0:00:08]} Ke6 {[%emt 0:00:08]} 38. Qxe7# {[%emt 0:00:07]} 1-0

[Event "Open A"]
[Site "Dortmund, Germany"]
[Date "2024.08.10"]
[Round "1.2"]
[White "Zimmermann, Luc"]
[Black "Svane, Frederik"]
[Result "0-1"]
[WhiteElo "2095"]
[BlackElo "2636"]
[PlyCount "70"]
[EventDate "2024.??.??"]

1. e4 {[%emt 0:00:04]} c5 {[%emt 0:00:09]} 2. c3 {[%emt 0:00:02]} d5 {[%emt 0:01:02]} 3. exd5 {[%emt 0:00:03]} Qxd5 {[%emt 0:00:24]} 4. d4 {[%emt 0:00:03]} g6 {[%emt 0:00:14]} 5. Nf3 {[%emt 0:00:05]} Bg7 {[%emt 0:00:16]} 6. Nbd2 {[%emt 0:00:05]} cxd4 {[%emt 0:01:57]} 7. Bc4 {[%emt 0:00:12]} Qa5 {[%emt 0:01:57]} 8. Nxd4 {[%emt 0:04:44]} Nf6 {[%emt 0:03:41]} 9. O-O {[%emt 0:04:02]} O-O {[%emt 0:00:34]} 10. Re1 {[%emt 0:07:34]} e5 {[%emt 0:34:06]} 11. Nb5 {[%emt 0:18:39]} Bg4 {[%emt 0:04:12]} 12. Qb3 {[%emt 0:09:19]} Nc6 {[%emt 0:03:12]} 13. h3 {[%emt 0:10:23]} Bf5 {[%emt 0:02:19]} 14. Nd6 {[%emt 0:14:35]} Qc7 {[%emt 0:00:57]} 15. Nxf5 {[%emt 0:00:19]} gxf5 {[%emt 0:00:25]} 16. Bb5 {[%emt 0:09:32]} e4 {[%emt 0:11:57]} 17. Qc4 {[%emt 0:00:57]} Nd7 {[%emt 0:03:46]} 18. Nb3 {[%emt 0:12:38]} Nde5 {[%emt 0:03:44]} 19. Qc5 {[%emt 0:01:55]} a6 {[%emt 0:02:20]} 20. Bf1 {[%emt 0:00:37]} b6 {[%emt 0:06:47]} 21. Qe3 {[%emt 0:00:24]} Rfe8 {[%emt 0:05:44]} 22. Qg5 {[%emt 0:01:20]} Qc8 {[%emt 0:00:38]} 23. Be3 {[%emt 0:00:16]} Re6 {[%emt 0:00:39]} 24. Kh1 {[%emt 0:02:26]} Rg6 {[%emt 0:00:07]} 25. Qh5 {[%emt 0:00:43]} Ne7 {[%emt 0:01:59]} 26. Nd4 {[%emt 0:00:27]} Kh8 {[%emt 0:01:15]} 27. Rad1 {[%emt 0:00:33]} b5 {[%emt 0:01:17]} 28. b3 {[%emt 0:01:48]} N5c6 {[%emt 0:04:48]} 29. Rd2 {[%emt 0:00:38]} Nxd4 {[%emt 0:00:42]} 30. Bxd4 {[%emt 0:00:02]} Bxd4 {[%emt 0:00:11]} 31. Rxd4 {[%emt 0:00:34]} Qxc3 {[%emt 0:00:29]} 32. Red1 {[%emt 0:00:37]} Rag8 {[%emt 0:00:31]} 33. Qh4 {[%emt 0:00:38]} Nc6 {[%emt 0:00:44]} 34. Qf4 {[%emt 0:00:24]} Nxd4 {[%emt 0:00:20]} 35. Qe5+ {[%emt 0:00:48]} f6 {[%emt 0:00:47]} 0-1

[Event "Open A"]
[Site "Dortmund, Germany"]
[Date "2024.08.10"]
[Round "1.3"]
[White "Yoo, Christopher Woojin"]
[Black "Murawski, Jan"]
[Result "1-0"]
[WhiteElo "2616"]
[BlackElo "2093"]
[PlyCount "138"]
[EventDate "2024.??.??"]

1. Nf3 {[%emt 0:00:15]} Nf6 {[%emt 0:00:35]} 2. c4 {[%emt 0:00:39]} e6 {[%emt 0:00:43]} 3. g3 {[%emt 0:01:15]} d5 {[%emt 0:00:29]} 4. Bg2 {[%emt 0:00:05]} dxc4 {[%emt 0:00:28]} 5. Qa4+ {[%emt 0:00:18]} Nbd7 {[%emt 0:00:40]} 6. Qxc4 {[%emt 0:00:55]} c5 {[%emt 0:00:34]} 7. O-O {[%emt 0:01:26]} a6 {[%emt 0:05:48]} 8. Qc2 {[%emt 0:02:30]} Ra7 {[%emt 0:02:36]} 9. d4 {[%emt 0:04:39]} b6 {[%emt 0:08:45]} 10. Nc3 {[%emt 0:02:40]} Bb7 {[%emt 0:02:57]} 11. e4 {[%emt 0:06:03]} cxd4 {[%emt 0:02:12]} 12. Nxd4 {[%emt 0:00:20]} Bc5 {[%emt 0:01:09]} 13. Nb3 {[%emt 0:02:35]} Be7 {[%emt 0:04:16]} 14. Rd1 {[%emt 0:05:01]} Qa8 {[%emt 0:03:02]} 15. f3 {[%emt 0:02:32]} O-O {[%emt 0:07:34]} 16. g4 {[%emt 0:01:44]} Bc6 {[%emt 0:06:42]} 17. Be3 {[%emt 0:03:25]} Rc7 {[%emt 0:03:50]} 18. Qf2 {[%emt 0:02:47]} Qb7 {[%emt 0:04:18]} 19. h4 {[%emt 0:05:28]} Rcc8 {[%emt 0:06:32]} 20. Qg3 {[%emt 0:02:27]} Nc5 {[%emt 0:04:26]} 21. Nd4 {[%emt 0:03:25]} Na4 {[%emt 0:02:52]} 22. Nxa4 {[%emt 0:02:04]} Bxa4 {[%emt 0:00:03]} 23. b3 {[%emt 0:00:10]} Bd7 {[%emt 0:02:03]} 24. Rd3 {[%emt 0:08:43]} Rfd8 {[%emt 0:02:21]} 25. Rad1 {[%emt 0:01:18]} Bb5 {[%emt 0:07:11]} 26. Nxb5 {[%emt 0:00:22]} Rxd3 {[%emt 0:00:46]} 27. Rxd3 {[%emt 0:00:05]} axb5 {[%emt 0:00:04]} 28. Qf2 {[%emt 0:01:59]} Nd7 {[%emt 0:03:17]} 29. f4 {[%emt 0:00:33]} Nc5 {[%emt 0:01:39]} 30. Rd4 {[%emt 0:01:01]} e5 {[%emt 0:01:43]} 31. fxe5 {[%emt 0:00:21]} Ne6 {[%emt 0:01:14]} 32. Rd5 {[%emt 0:00:45]} Bc5 {[%emt 0:02:13]} 33. Bf1 {[%emt 0:10:23]} b4 {[%emt 0:01:56]} 34. Bxc5 {[%emt 0:02:25]} Rxc5 {[%emt 0:03:17]} 35. Bc4 {[%emt 0:01:45]} h6 {[%emt 0:02:29]} 36. Qf5 {[%emt 0:07:19]} Qe7 {[%emt 0:01:58]} 37. Qf2 {[%emt 0:03:46]} Nf8 {[%emt 0:05:42]} 38. Rxc5 {[%emt 0:03:33]} bxc5 {[%emt 0:00:08]} 39. Qf5 {[%emt 0:00:03]} Ne6 {[%emt 0:01:08]} 40. Kg2 {[%emt 0:01:30]} Qd7 {[%emt 0:00:32]} 41. Bd5 {[%emt 0:00:15]} Qe7 {[%emt 0:00:48]} 42. Kh3 {[%emt 0:00:28]} Qd7 {[%emt 0:09:34]} 43. Kg3 {[%emt 0:01:50]} Qe7 {[%emt 0:01:41]} 44. Kg2 {[%emt 0:02:51]} Nd4 {[%emt 0:04:47]} 45. Qf2 {[%emt 0:04:53]} Ne6 {[%emt 0:03:12]} 46. Kf1 {[%emt 0:04:07]} Qc7 {[%emt 0:01:30]} 47. Qf5 {[%emt 0:00:47]} Nd4 {[%emt 0:01:50]} 48. Qh5 {[%emt 0:03:24]} Qd7 {[%emt 0:03:16]} 49. Ke1 {[%emt 0:01:52]} Ne6 {[%emt 0:02:52]} 50. Qf5 {[%emt 0:01:55]} Qe7 {[%emt 0:00:51]} 51. Kd2 {[%emt 0:01:55]} Nd4 {[%emt 0:00:53]} 52. Qf2 {[%emt 0:02:22]} Qd7 {[%emt 0:01:15]} 53. g5 {[%emt 0:01:23]} hxg5 {[%emt 0:00:47]} 54. hxg5 {[%emt 0:00:05]} g6 {[%emt 0:00:09]} 55. Qf6 {[%emt 0:01:00]} Ne6 {[%emt 0:00:53]} 56. Ke1 {[%emt 0:00:38]} Nf8 {[%emt 0:01:43]} 57. Kf2 {[%emt 0:00:33]} Qe8 {[%emt 0:01:25]} 58. Qd6 {[%emt 0:04:14]} Qc8 {[%emt 0:00:23]} 59. Qe7 {[%emt 0:00:24]} Ne6 {[%emt 0:00:10]} 60. Ke3 {[%emt 0:01:06]} Nd8 {[%emt 0:01:41]} 61. Kd3 {[%emt 0:03:07]} Qa6+ {[%emt 0:00:13]} 62. Bc4 {[%emt 0:00:57]} Qc8 {[%emt 0:00:43]} 63. Kd2 {[%emt 0:00:51]} Qa8 {[%emt 0:00:58]} 64. Bd5 {[%emt 0:01:26]} Qxa2+ {[%emt 0:01:05]} 65. Ke3 {[%emt 0:00:05]} Qa5 {[%emt 0:00:02]} 66. Qf6 {[%emt 0:01:08]} c4 {[%emt 0:00:59]} 67. Qxg6+ {[%emt 0:00:17]} Kf8 {[%emt 0:00:15]} 68. Qd6+ {[%emt 0:00:10]} Kg8 {[%emt 0:00:46]} 69. g6 {[%emt 0:00:18]} Qa7+ {[%emt 0:00:39]} 1-0

[Event "Open A"]
[Site "Dortmund, Germany"]
[Date "2024.08.10"]
[Round "1.4"]
[White "Kruse, Victor"]
[Black "Sasikiran, Krishnan"]
[Result "0-1"]
[WhiteElo "2063"]
[BlackElo "2579"]
[PlyCount "60"]
[EventDate "2024.??.??"]

1. d4 {[%emt 0:00:11]} Nf6 {[%emt 0:01:19]} 2. c4 {[%emt 0:00:07]} e6 {[%emt 0:00:36]} 3. Nf3 {[%emt 0:00:25]} b6 {[%emt 0:01:07]} 4. g3 {[%emt 0:00:14]} Ba6 {[%emt 0:00:46]} 5. b3 {[%emt 0:00:15]} Bb4+ {[%emt 0:01:29]} 6. Bd2 {[%emt 0:00:19]} Be7 {[%emt 0:00:11]} 7. Nc3 {[%emt 0:00:15]} d5 {[%emt 0:00:54]} 8. cxd5 {[%emt 0:02:01]} exd5 {[%emt 0:00:33]} 9. Bg2 {[%emt 0:01:25]} O-O {[%emt 0:01:23]} 10. O-O {[%emt 0:00:51]} Nbd7 {[%emt 0:09:38]} 11. a3 {[%emt 0:01:12]} c5 {[%emt 0:10:36]} 12. Qc2 {[%emt 0:29:30]} Rc8 {[%emt 0:13:20]} 13. Qb2 {[%emt 0:00:19]} Re8 {[%emt 0:04:14]} 14. Rfe1 {[%emt 0:01:00]} Nf8 {[%emt 0:06:25]} 15. b4 {[%emt 0:08:04]} Ne6 {[%emt 0:05:18]} 16. dxc5 {[%emt 0:10:05]} bxc5 {[%emt 0:06:22]} 17. Ne5 {[%emt 0:10:33]} Bd6 {[%emt 0:11:25]} 18. Nf3 {[%emt 0:07:46]} d4 {[%emt 0:04:09]} 19. Na4 {[%emt 0:02:00]} Rb8 {[%emt 0:01:15]} 20. Ng5 {[%emt 0:05:27]} Nxg5 {[%emt 0:04:26]} 21. Bxg5 {[%emt 0:00:05]} h6 {[%emt 0:00:09]} 22. Bf4 {[%emt 0:05:54]} cxb4 {[%emt 0:01:38]} 23. Qxd4 {[%emt 0:00:41]} Bxf4 {[%emt 0:03:01]} 24. Qxf4 {[%emt 0:00:05]} b3 {[%emt 0:01:42]} 25. Nc5 {[%emt 0:01:44]} Bxe2 {[%emt 0:05:34]} 26. Rab1 {[%emt 0:02:14]} b2 {[%emt 0:01:58]} 27. Nb7 {[%emt 0:00:28]} Rxb7 {[%emt 0:03:23]} 28. Bxb7 {[%emt 0:00:20]} Bd3 {[%emt 0:00:05]} 29. Red1 {[%emt 0:10:57]} Bxb1 {[%emt 0:00:26]} 30. Rxb1 {[%emt 0:00:23]} Qd3 {[%emt 0:01:11]} 0-1

[Event "Open A"]
[Site "Dortmund, Germany"]
[Date "2024.08.10"]
[Round "1.5"]
[White "Quesada Perez, Luis Ernesto"]
[Black "Beisteiner, Joachim"]
[Result "1-0"]
[WhiteElo "2576"]
[BlackElo "2089"]
[PlyCount "111"]
[EventDate "2024.??.??"]

1. c4 {[%emt 0:00:03]} e6 {[%emt 0:00:11]} 2. Nf3 {[%emt 0:00:44]} d5 {[%emt 0:00:15]} 3. d4 {[%emt 0:00:35]} Nf6 {[%emt 0:00:24]} 4. Nc3 {[%emt 0:00:43]} c5 {[%emt 0:00:50]} 5. cxd5 {[%emt 0:00:11]} Nxd5 {[%emt 0:00:11]} 6. e3 {[%emt 0:02:34]} Nc6 {[%emt 0:03:51]} 7. Bd3 {[%emt 0:00:08]} Be7 {[%emt 0:00:40]} 8. O-O {[%emt 0:00:09]} O-O {[%emt 0:01:22]} 9. a3 {[%emt 0:00:48]} cxd4 {[%emt 0:01:14]} 10. exd4 {[%emt 0:00:07]} Bf6 {[%emt 0:00:42]} 11. Be4 {[%emt 0:00:25]} Nce7 {[%emt 0:00:59]} 12. Qd3 {[%emt 0:00:29]} h6 {[%emt 0:02:08]} 13. Ne2 {[%emt 0:11:46]} Nf5 {[%emt 0:03:36]} 14. Ne5 {[%emt 0:17:57]} Qb6 {[%emt 0:09:02]} 15. Nc4 {[%emt 0:03:20]} Qa6 {[%emt 0:01:18]} 16. g4 {[%emt 0:05:12]} Nd6 {[%emt 0:03:57]} 17. Nxd6 {[%emt 0:01:02]} Qxd6 {[%emt 0:00:11]} 18. Qh3 {[%emt 0:07:39]} Be7 {[%emt 0:08:08]} 19. g5 {[%emt 0:03:22]} f5 {[%emt 0:00:55]} 20. gxf6 {[%emt 0:00:05]} Nxf6 {[%emt 0:07:07]} 21. Bg2 {[%emt 0:01:30]} Qb6 {[%emt 0:03:41]} 22. Qg3 {[%emt 0:01:42]} Bd6 {[%emt 0:07:49]} 23. Qg6 {[%emt 0:03:18]} Kh8 {[%emt 0:01:28]} 24. Be3 {[%emt 0:03:04]} Qc7 {[%emt 0:03:52]} 25. Rac1 {[%emt 0:00:10]} Qf7 {[%emt 0:00:32]} 26. Qxf7 {[%emt 0:00:52]} Rxf7 {[%emt 0:00:06]} 27. Bf4 {[%emt 0:00:20]} Ne8 {[%emt 0:09:21]} 28. Bg3 {[%emt 0:05:07]} Rb8 {[%emt 0:06:58]} 29. Nc3 {[%emt 0:00:19]} Bd7 {[%emt 0:00:37]} 30. Ne4 {[%emt 0:00:18]} Bf4 {[%emt 0:03:01]} 31. Rc3 {[%emt 0:04:30]} b6 {[%emt 0:03:05]} 32. Rf3 {[%emt 0:02:32]} g5 {[%emt 0:03:40]} 33. h4 {[%emt 0:00:07]} e5 {[%emt 0:05:44]} 34. dxe5 {[%emt 0:09:16]} Bg4 {[%emt 0:04:58]} 35. e6 {[%emt 0:01:27]} Re7 {[%emt 0:01:26]} 36. Bxf4 {[%emt 0:01:27]} gxf4 {[%emt 0:00:54]} 37. Rxf4 {[%emt 0:00:03]} Bxe6 {[%emt 0:00:16]} 38. Ng3 {[%emt 0:04:16]} Bg8 {[%emt 0:04:09]} 39. Rc1 {[%emt 0:02:48]} Rd8 {[%emt 0:00:22]} 40. Rc6 {[%emt 0:00:46]} Rd6 {[%emt 0:00:45]} 41. Rc8 {[%emt 0:07:00]} Rf7 {[%emt 0:07:03]} 42. Rg4 {[%emt 0:14:02]} Nf6 {[%emt 0:08:45]} 43. Rg6 {[%emt 0:01:51]} Kh7 {[%emt 0:00:35]} 44. h5 {[%emt 0:02:50]} Rd1+ {[%emt 0:05:07]} 45. Kh2 {[%emt 0:00:07]} Rd4 {[%emt 0:02:15]} 46. Nf5 {[%emt 0:00:21]} Ng4+ {[%emt 0:01:14]} 47. Kg3 {[%emt 0:00:07]} Rxf5 {[%emt 0:02:48]} 48. Rcxg8 {[%emt 0:00:15]} Rg5 {[%emt 0:00:12]} 49. R8g7+ {[%emt 0:01:26]} Kh8 {[%emt 0:00:07]} 50. Rxa7 {[%emt 0:03:36]} Rd3+ {[%emt 0:01:44]} 51. Kh4 {[%emt 0:03:12]} Rxg6 {[%emt 0:02:17]} 52. hxg6 {[%emt 0:00:06]} Nxf2 {[%emt 0:00:57]} 53. Rf7 {[%emt 0:01:50]} Rd2 {[%emt 0:01:28]} 54. Kh5 {[%emt 0:00:28]} Rxb2 {[%emt 0:00:13]} 55. Bd5 {[%emt 0:00:39]} Rb5 {[%emt 0:00:42]} 56. Rh7# {[%emt 0:00:07]} 1-0

[Event "Open A"]
[Site "Dortmund, Germany"]
[Date "2024.08.10"]
[Round "1.6"]
[White "Zwirs, Jasper"]
[Black "Romanov, Evgeny"]
[Result "0-1"]
[WhiteElo "2088"]
[BlackElo "2567"]
[PlyCount "108"]
[EventDate "2024.??.??"]

1. d4 {[%emt 0:00:04]} Nf6 {[%emt 0:01:14]} 2. Nc3 {[%emt 0:00:23]} d5 {[%emt 0:01:11]} 3. Bf4 {[%emt 0:00:06]} a6 {[%emt 0:02:29]} 4. e3 {[%emt 0:00:58]} c5 {[%emt 0:00:44]} 5. dxc5 {[%emt 0:15:47]} Nc6 {[%emt 0:01:02]} 6. Na4 {[%emt 0:01:59]} e5 {[%emt 0:02:48]} 7. Bg5 {[%emt 0:00:04]} Qa5+ {[%emt 0:07:50]} 8. c3 {[%emt 0:01:05]} Ne4 {[%emt 0:00:22]} 9. Nf3 {[%emt 0:27:26]} Nxc5 {[%emt 0:07:36]} 10. Nxc5 {[%emt 0:01:16]} Qxc5 {[%emt 0:00:10]} 11. Be2 {[%emt 0:02:33]} f6 {[%emt 0:00:31]} 12. Bh4 {[%emt 0:02:10]} Be6 {[%emt 0:00:14]} 13. O-O {[%emt 0:02:59]} Be7 {[%emt 0:01:36]} 14. Bg3 {[%emt 0:05:04]} O-O {[%emt 0:02:49]} 15. Rc1 {[%emt 0:03:34]} b5 {[%emt 0:01:11]} 16. Qc2 {[%emt 0:03:31]} Qb6 {[%emt 0:01:34]} 17. Qb1 {[%emt 0:06:35]} a5 {[%emt 0:04:32]} 18. Rfd1 {[%emt 0:02:27]} a4 {[%emt 0:08:20]} 19. h3 {[%emt 0:03:38]} g6 {[%emt 0:03:35]} 20. Nd2 {[%emt 0:05:58]} Rfd8 {[%emt 0:04:02]} 21. Kh1 {[%emt 0:06:57]} Kg7 {[%emt 0:04:56]} 22. Bh2 {[%emt 0:01:46]} b4 {[%emt 0:06:22]} 23. c4 {[%emt 0:01:31]} d4 {[%emt 0:00:21]} 24. Bf3 {[%emt 0:03:06]} dxe3 {[%emt 0:01:54]} 25. fxe3 {[%emt 0:00:40]} Bc5 {[%emt 0:00:48]} 26. Bg1 {[%emt 0:00:24]} Bf5 {[%emt 0:04:41]} 27. Be4 {[%emt 0:00:45]} Ne7 {[%emt 0:00:09]} 28. Nf3 {[%emt 0:00:41]} b3 {[%emt 0:10:40]} 29. a3 {[%emt 0:00:14]} Rxd1 {[%emt 0:01:40]} 30. Rxd1 {[%emt 0:00:05]} Rd8 {[%emt 0:00:14]} 31. Bxf5 {[%emt 0:01:43]} Nxf5 {[%emt 0:00:12]} 32. Rxd8 {[%emt 0:00:30]} Qxd8 {[%emt 0:00:11]} 33. e4 {[%emt 0:00:09]} Ne3 {[%emt 0:04:43]} 34. Bxe3 {[%emt 0:00:48]} Bxe3 {[%emt 0:00:12]} 35. Qf1 {[%emt 0:00:40]} Qd6 {[%emt 0:03:02]} 36. Qe2 {[%emt 0:00:24]} Bc5 {[%emt 0:01:03]} 37. Kh2 {[%emt 0:00:23]} h5 {[%emt 0:02:52]} 38. g3 {[%emt 0:00:39]} g5 {[%emt 0:02:46]} 39. g4 {[%emt 0:00:22]} h4 {[%emt 0:00:32]} 40. Kg2 {[%emt 0:00:22]} Kf8 {[%emt 0:01:03]} 41. Kf1 {[%emt 0:06:24]} Ke7 {[%emt 0:01:20]} 42. Ke1 {[%emt 0:01:59]} Bd4 {[%emt 0:09:12]} 43. Qd2 {[%emt 0:06:23]} Qc5 {[%emt 0:05:20]} 44. Nxd4 {[%emt 0:06:34]} exd4 {[%emt 0:00:40]} 45. Qd3 {[%emt 0:05:05]} Kd6 {[%emt 0:02:48]} 46. Qf1 {[%emt 0:05:05]} Qe5 {[%emt 0:00:36]} 47. Kd2 {[%emt 0:01:26]} Qh2+ {[%emt 0:05:26]} 48. Ke1 {[%emt 0:01:04]} Ke7 {[%emt 0:00:44]} 49. Qf5 {[%emt 0:00:35]} Qg3+ {[%emt 0:00:14]} 50. Kd1 {[%emt 0:00:16]} Qd3+ {[%emt 0:00:07]} 51. Ke1 {[%emt 0:00:08]} Qb1+ {[%emt 0:00:05]} 52. Kf2 {[%emt 0:01:09]} Qxb2+ {[%emt 0:00:09]} 53. Kg1 {[%emt 0:00:03]} Qc1+ {[%emt 0:00:23]} 54. Kg2 {[%emt 0:00:04]} Qd2+ {[%emt 0:00:46]} 0-1

[Event "Open A"]
[Site "Dortmund, Germany"]
[Date "2024.08.10"]
[Round "1.7"]
[White "Gavrilescu, David"]
[Black "Meuer, David"]
[Result "1-0"]
[WhiteElo "2534"]
[BlackElo "2087"]
[PlyCount "81"]
[EventDate "2024.??.??"]

1. e4 {[%emt 0:00:18]} e6 {[%emt 0:00:11]} 2. d4 {[%emt 0:00:20]} d5 {[%emt 0:00:07]} 3. e5 {[%emt 0:00:32]} c5 {[%emt 0:00:07]} 4. c3 {[%emt 0:00:12]} Nc6 {[%emt 0:00:07]} 5. Nf3 {[%emt 0:00:35]} Nh6 {[%emt 0:00:09]} 6. Bxh6 {[%emt 0:05:13]} gxh6 {[%emt 0:00:23]} 7. Qd2 {[%emt 0:00:31]} cxd4 {[%emt 0:04:05]} 8. cxd4 {[%emt 0:00:25]} Bg7 {[%emt 0:02:32]} 9. Bb5 {[%emt 0:04:43]} Bd7 {[%emt 0:06:06]} 10. Bxc6 {[%emt 0:04:29]} Bxc6 {[%emt 0:02:45]} 11. Nc3 {[%emt 0:00:10]} O-O {[%emt 0:04:44]} 12. O-O {[%emt 0:00:51]} f6 {[%emt 0:04:36]} 13. Rae1 {[%emt 0:05:35]} f5 {[%emt 0:05:23]} 14. Re3 {[%emt 0:00:57]} f4 {[%emt 0:05:30]} 15. Rd3 {[%emt 0:02:11]} h5 {[%emt 0:00:39]} 16. Ne2 {[%emt 0:08:09]} Bh6 {[%emt 0:06:54]} 17. Rc1 {[%emt 0:00:47]} Kh8 {[%emt 0:04:49]} 18. Rdc3 {[%emt 0:03:46]} Qe7 {[%emt 0:05:30]} 19. Ne1 {[%emt 0:12:58]} Qg7 {[%emt 0:05:07]} 20. Rf3 {[%emt 0:01:48]} Rf5 {[%emt 0:02:52]} 21. Rc5 {[%emt 0:00:52]} Raf8 {[%emt 0:04:45]} 22. Qc2 {[%emt 0:02:17]} h4 {[%emt 0:02:19]} 23. Kf1 {[%emt 0:01:53]} Qg5 {[%emt 0:06:21]} 24. Ng1 {[%emt 0:02:35]} Be8 {[%emt 0:02:27]} 25. Rh3 {[%emt 0:01:54]} b6 {[%emt 0:03:35]} 26. Ngf3 {[%emt 0:00:34]} Qd8 {[%emt 0:01:26]} 27. Rc7 {[%emt 0:01:44]} Bg5 {[%emt 0:02:48]} 28. Rxa7 {[%emt 0:07:26]} Bh5 {[%emt 0:02:33]} 29. Nxg5 {[%emt 0:00:08]} Qxg5 {[%emt 0:00:10]} 30. f3 {[%emt 0:00:04]} Bg6 {[%emt 0:04:41]} 31. Qf2 {[%emt 0:01:47]} R5f7 {[%emt 0:00:08]} 32. Rxf7 {[%emt 0:01:58]} Rxf7 {[%emt 0:00:04]} 33. Rxh4 {[%emt 0:00:19]} h5 {[%emt 0:01:57]} 34. g3 {[%emt 0:00:40]} fxg3 {[%emt 0:00:43]} 35. hxg3 {[%emt 0:00:05]} Qc1 {[%emt 0:02:18]} 36. Kg2 {[%emt 0:02:18]} Ra7 {[%emt 0:00:38]} 37. a3 {[%emt 0:00:20]} Kg7 {[%emt 0:00:22]} 38. Rh1 {[%emt 0:01:48]} Qc4 {[%emt 0:02:32]} 39. g4 {[%emt 0:02:03]} hxg4 {[%emt 0:01:21]} 40. Qh4 {[%emt 0:00:05]} Qe2+ {[%emt 0:03:48]} 41. Kg3 {[%emt 0:00:01]} 1-0

[Event "Open A"]
[Site "Dortmund, Germany"]
[Date "2024.08.10"]
[Round "1.8"]
[White "Schaller, Fabian"]
[Black "Sokolovsky, Yahli"]
[Result "1/2-1/2"]
[WhiteElo "2086"]
[BlackElo "2522"]
[PlyCount "124"]
[EventDate "2024.??.??"]

1. d4 {[%emt 0:00:03]} Nf6 {[%emt 0:00:10]} 2. Nc3 {[%emt 0:00:06]} d5 {[%emt 0:00:12]} 3. Bf4 {[%emt 0:00:05]} e6 {[%emt 0:00:31]} 4. e3 {[%emt 0:00:16]} Bd6 {[%emt 0:04:58]} 5. Qf3 {[%emt 0:00:48]} O-O {[%emt 0:03:38]} 6. g4 {[%emt 0:00:40]} Bxf4 {[%emt 0:21:31]} 7. Qxf4 {[%emt 0:00:22]} Qd6 {[%emt 0:00:06]} 8. Qxd6 {[%emt 0:16:51]} cxd6 {[%emt 0:00:05]} 9. g5 {[%emt 0:00:48]} Ne8 {[%emt 0:01:02]} 10. O-O-O {[%emt 0:02:45]} Bd7 {[%emt 0:04:53]} 11. Nh3 {[%emt 0:08:30]} Nc7 {[%emt 0:01:04]} 12. Nf4 {[%emt 0:00:20]} Bc6 {[%emt 0:11:36]} 13. Bg2 {[%emt 0:03:11]} Nd7 {[%emt 0:00:08]} 14. h4 {[%emt 0:02:14]} Nb6 {[%emt 0:06:55]} 15. Nd3 {[%emt 0:15:34]} Rfe8 {[%emt 0:05:36]} 16. f4 {[%emt 0:04:00]} Nc8 {[%emt 0:03:46]} 17. Rhe1 {[%emt 0:02:46]} Ne7 {[%emt 0:00:46]} 18. Bh3 {[%emt 0:05:16]} a5 {[%emt 0:08:23]} 19. Kb1 {[%emt 0:03:27]} b5 {[%emt 0:00:24]} 20. Ne2 {[%emt 0:03:16]} Nf5 {[%emt 0:02:32]} 21. Bxf5 {[%emt 0:02:26]} exf5 {[%emt 0:00:05]} 22. Ng3 {[%emt 0:00:38]} Bd7 {[%emt 0:01:51]} 23. b4 {[%emt 0:06:26]} Ra7 {[%emt 0:06:21]} 24. Kc1 {[%emt 0:10:41]} Na8 {[%emt 0:01:47]} 25. Kd2 {[%emt 0:00:23]} Nb6 {[%emt 0:00:42]} 26. Ke2 {[%emt 0:01:15]} Rc8 {[%emt 0:01:15]} 27. Rc1 {[%emt 0:03:37]} Na4 {[%emt 0:03:07]} 28. Kf3 {[%emt 0:01:19]} Nc3 {[%emt 0:00:23]} 29. a3 {[%emt 0:04:56]} Ne4 {[%emt 0:03:08]} 30. bxa5 {[%emt 0:02:28]} Rxa5 {[%emt 0:02:22]} 31. Nb4 {[%emt 0:00:09]} Be6 {[%emt 0:01:22]} 32. Nxe4 {[%emt 0:00:45]} dxe4+ {[%emt 0:00:04]} 33. Ke2 {[%emt 0:00:28]} Bc4+ {[%emt 0:01:13]} 34. Kd2 {[%emt 0:00:07]} Rxa3 {[%emt 0:00:10]} 35. Ra1 {[%emt 0:00:39]} Rca8 {[%emt 0:00:07]} 36. Rxa3 {[%emt 0:00:16]} Rxa3 {[%emt 0:00:02]} 37. c3 {[%emt 0:00:58]} Kf8 {[%emt 0:04:34]} 38. Nc2 {[%emt 0:00:33]} Ra4 {[%emt 0:00:38]} 39. Ra1 {[%emt 0:00:37]} Rxa1 {[%emt 0:02:22]} 40. Nxa1 {[%emt 0:00:01]} Ke7 {[%emt 0:00:18]} 41. Nc2 {[%emt 0:01:31]} f6 {[%emt 0:02:01]} 42. gxf6+ {[%emt 0:06:33]} Kxf6 {[%emt 0:00:09]} 43. Ke1 {[%emt 0:00:15]} Bb3 {[%emt 0:10:21]} 44. Nb4 {[%emt 0:02:08]} h6 {[%emt 0:02:14]} 45. Kf2 {[%emt 0:00:56]} g5 {[%emt 0:00:16]} 46. hxg5+ {[%emt 0:00:31]} hxg5 {[%emt 0:00:04]} 47. fxg5+ {[%emt 0:00:10]} Kxg5 {[%emt 0:00:02]} 48. Kg3 {[%emt 0:00:24]} f4+ {[%emt 0:00:11]} 49. exf4+ {[%emt 0:02:03]} Kf5 {[%emt 0:00:01]} 50. d5 {[%emt 0:05:37]} Bd1 {[%emt 0:04:29]} 51. Nc6 {[%emt 0:00:31]} e3 {[%emt 0:00:11]} 52. Nd4+ {[%emt 0:00:31]} Ke4 {[%emt 0:00:05]} 53. Nxb5 {[%emt 0:13:10]} Kxd5 {[%emt 0:08:26]} 54. Kg2 {[%emt 0:01:43]} Kc5 {[%emt 0:06:05]} 55. Nd4 {[%emt 0:00:18]} Kc4 {[%emt 0:01:02]} 56. Nf5 {[%emt 0:01:10]} Kd3 {[%emt 0:00:21]} 57. Nxd6 {[%emt 0:00:56]} Bb3 {[%emt 0:02:19]} 58. Kf1 {[%emt 0:00:54]} Kd2 59. Ne4+ {[%emt 0:00:09]} Kd1 60. Nf2+ {[%emt 0:00:22]} Kd2 {[%emt 0:00:02]} 61. Ne4+ {[%emt 0:00:08]} Kd1 {[%emt 0:00:32]} 62. Nf2+ {[%emt 0:00:03]} Kd2 {[%emt 0:00:06]} 1/2-1/2